Загрузка...

Black holes

Библиографические подробности
Главный автор: Luminet, Jean-Pierre
Формат: Printed Book
Опубликовано: Cambridge University Press, Cambridge 1992
Предметы:
LEADER 00525nam a2200193 4500
020 |a 9780521409063 
082 |a 523.8875 LUM-B 
100 |a Luminet, Jean-Pierre 
245 |a Black holes 
250
260 |a Cambridge University Press, Cambridge  |c 1992 
300 |a 312 
490
500
590 |a VMV 
650 |a Black Holes; Descriptive astronomy 
942 |c BK 
999 |c 83196  |d 83196 
952 |0 0  |1 0  |4 0  |6 523_887500000000000_LUMB  |7 0  |9 96664  |a PHY  |b PHY  |l 0  |o 523.8875 LUM-B  |p PHY04855  |r 2019-09-24  |w 2019-09-24  |y BK